000 00899nam0a2200301 4500
001 RU\NLR\bibl\1039739
005 20250615003212.0
010 _a5-88215-968-7
_925000
021 _aRU
_b2006-81567
_94133
035 _a(nilc)RSL-KNO-002998578
035 _a(NLR Aleph) 001027142
090 _a735441
_c735441
100 _a20061219d2006 |||y0rusy50 ca
101 0 _arus
102 _aRU
105 _aa |||||||||
106 _ar
200 1 _aТеремок
_e[для чтения взрослыми детям
_fхудож. С. Астраханцев]
210 _aМосква
_cMachaon
_d2006
215 _a[16] с.
_cцв. ил.
_d14
225 1 _aПочитай мне сказку
702 1 _aАстраханцев
_bС.
_4040
801 0 _aRU
_bРКП
_c20061219
801 1 _aRU
_bРГБ
_c20061219
801 2 _aRU
_bNLR
_c20070202
_grcr
942 _cBOOK
980 _aNB